1596 1436 1591 1242 1757 1180 1368 1928 1153 1447 1825 1438 1740 1878 1366 1150 1399 1995 1841 1477 1319 1877 1953 1943 1541 1367 1957 1761 1450 1454 1206 1779 1190 1597 1011 1629 1732 1018 1310 1791 1350 1215 1964 1003 1615 1229 1062 1428 1782 1284 1098 1124 1419 1514 1104 1580 1462 1762 1772 1838 1223 1208 1075 1538 1661 1650 1736 1590 1918 1885 1409 1475 1260 1296 1001 1419 1201 1510 1264 1133 1871 1685 1558 1763 1379 1496 1112 1660 1208 1404 1090 1435 1450 1568 1994 1639 1484 1472 1599 BCNSPRNW ULIB Ver.6.0+V

เปลี่ยนเป็นภาษาไทย

Change to English
 แสดงรายละเอียดบรรณานุกรม
  กลับหน้าหลัก

Brief Record : Get Marc (ISO 2709) : E-mail record : QR code < ปิดหน้าต่าง
LEADER : 00000nam 2200000uu 4500
001    13399111980
003     ULIB
008    110627s2552||||th 000 0 tha d
020    9786110600132
090    นว.^bจ686พ 2552
100 0  เจ ที เอม
245 00 พันธสัญญาปริศนาของหัวใจ/^cเจ ที เอม
250    พิมพ์ครั้งที่ 1
260    กรุงเทพฯ :^bแจ่มใส,^c2552
300    216 หน้า
710 1  แจ่มใส
945    ^p159^l0^i026029
995    ทศพร
999 ^a ใช้งานได้ทุกระบบ
รายการนี้ยังไม่มีแท็ก
คุณยังไม่ได้ล็อกอิน คุณสามารถมีกิจกรรมร่วมกับเว็บไซต์ได้ แต่ต้องล็อกอินก่อน ::
  ล็อกอิน

รายการสื่อสารสนเทศ

ลำดับที่ ประเภท เลขเรียก/บาร์โค้ด สถานที่ สถานะ
- ไม่พบข้อมูล -

BibComment


ยังไม่เคยถูกคอมเมนท์

คอมเมนท์ทรัพยากรรายการนี้
  คอมเมนท์: พันธสัญญาปริศนาขอ..


 Copyright 2026. Bcnsprnw @Library